| 000 | 00944nam a2200253 i 4500 | ||
|---|---|---|---|
| 005 | 20240829035012.0 | ||
| 008 | 010122s2000 ck jr 000 0 spa d | ||
| 020 | _a9589160794 | ||
| 040 |
_aCOMFC _bspa _erda |
||
| 041 | 0 | _aspa | |
| 100 | 1 |
_aTovar Cortés, Elsa _955312 _eaut |
|
| 245 | 1 | 0 |
_aEducación, y educación sexual / _cElsa Tovar Cortés. |
| 264 | 0 | 1 |
_aBogotá : _bUniversidad Distrital Francisco José de Caldas. Centro de Investigaciones y Desarrollo Científico, _c2000. |
| 300 |
_a118 páginas ; _c23 cm. |
||
| 336 |
_2rdacontent _atxt |
||
| 337 |
_2rdamedia _an |
||
| 338 |
_2rdacarrier _anc |
||
| 504 | _aIncluye bibliografía | ||
| 830 |
_954504 _aDonación - Sala de Patrimonio Bibliográfico y Documental de Risaralda |
||
| 082 | 0 | 4 |
_a372.372 _bT736e |
| 650 | 0 |
_aEducación Sexual _936569 |
|
| 650 | 0 |
_aEducación Sexual _z Colombia. _936569 |
|
| 942 |
_2ddc _h372.372 T736e _k372.372 _mT736e |
||
| 999 |
_c59655 _d59655 |
||